Missing Word: 2000s 'M' Movies Quiz Stats

 Plays Quiz Updated Sep 11, 2017

Challenge
Share
Tweet
Embed
Score 0/26 Timer 03:00
0 Plays Today
Hint Answer % Correct
Mamma ____!Mia
98.2%
____ the FockersMeet
97.6%
Little ____ SunshineMiss
97.4%
No Country for Old ____Men
97.1%
Slumdog ____Millionaire
96.5%
Brokeback ____Mountain
95.9%
Anger ____Management
95.8%
The Count of ____ CristoMonte
94.7%
____ Lisa SmileMona
93.7%
____, Inc.Monsters
93.5%
Forgetting Sarah ____Marshall
91.4%
Eternal Sunshine of the Spotless ____Mind
89.2%
The ____ ReloadedMatrix
88.9%
Hint Answer % Correct
Definitely, ____Maybe
88.7%
____ Rouge!Moulin
87.4%
Night at the ____Museum
86.4%
____ GirlsMean
85.6%
____ ReportMinority
84.6%
____ of a GeishaMemoirs
81.4%
____ RiverMystic
77.9%
____ ClaytonMichael
64.6%
Once Upon a Time in ____Mexico
55.9%
____ PointMatch
44.3%
Howl's ____ CastleMoving
41.5%
____ Dr.Mulholland
30.1%
The ____ DiariesMotorcycle
18.8%

Today's Daily Dose

Missing Word
No Snow!

Word Ladder
Wild Cats

On This Day
December 16th II

You're not logged in!

Compare scores with friends on all Sporcle quizzes.
OR
Log In

You Might Also Like...

Show Comments

Extras

Top Quizzes Today


Score Distribution

Your Account Isn't Verified!

In order to create a playlist on Sporcle, you need to verify the email address you used during registration. Go to your Sporcle Settings to finish the process.

Report this User

Report this user for behavior that violates our Community Guidelines.

Details: